| 000 | 00694nam a2200229 a 4500 | ||
|---|---|---|---|
| 003 | BD-DhJNU | ||
| 005 | 20250622061617.0 | ||
| 008 | 250501s1986 ii a b 001 0 eng | ||
| 040 |
_aBD-DhJNU _bENG _cBD-DhJNU _dBD-DhJNU |
||
| 082 | 0 | 0 |
_a310 GOF _223 |
| 100 | 1 | _aGoon, A. M. | |
| 245 | 1 | 0 |
_aFundamentals of statistics, Voll: 1-2 / _cA. M. Goon, M. K. Gupta and B. Dasgupta |
| 250 | _a5th ed. | ||
| 260 |
_aCalcutta : _bThe World Press Private Limited, _c1986. |
||
| 300 |
_axiv, 557 p. : _bill. ; _c22 cm. |
||
| 490 | _vVol: 1-2 | ||
| 504 | _aIncludes bibliographical references and index. | ||
| 650 | 0 | _aStatistics | |
| 700 | 1 | _aGupta, M. K. | |
| 700 | 1 | _aDasgupta, B. | |
| 942 |
_cBK _2ddc |
||
| 999 |
_c1747 _d1747 |
||